000 00824nam a22002177a 4500
999 _c370075
_d370075
008 201130b ||||| |||| 00| 0 eng d
040 _bger
_cDE-2950
_erda
_aDE-2950
041 _ager
100 _aMahlke, Lisa:
245 _aDas erste frohe Zusammensein wieder in großer Runde.
_bJubiläum: Das Albert-Hirsch-Heim in Frankfurt feiert sein 25-jähriges bestehen. Beim Corona-Ausbruch vor gut sechs Monaten war daran nicht zu denken./
264 _c2021
653 _aFrankfurt (Oder)
653 _aCorona
653 _aSeniorenheim
653 _aAlbert Hirsch
773 _dFrankfurt (Oder): Märkisches Verlags- und Druckhaus GmbH & Co KG
_g32. Jahrgang (2021) Nr. 176 vom 31.07.2021, S. 19: Foto
_tMärkische Oderzeitung
942 _cA